Polscy Raperzy/Traperzy 2019 #1 - Kolega Ignacy - Statystyki

Ogólne statystyki
  • Ten quiz został rozwiązany 6 360 razy
  • Średni wynik to 11 z 15
Statystyki odpowiedzi
Hint Odpowiedź % Poprawnych
Nie dawno obciął sie na łyso z powodu złotej płyty pt."Trapollo" żabson
93%
41 letni raper, ktory urodzil sie w Kielcach. Bardzo związany z chillwagon borixon
91%
Członek duetu TACONAFIDE. Jego pierwsza nuta byla anglojęzyczna. taco hemingway
91%
Ma korzenie afganistańskie, często powtarza swoje motto GM2L, muzułmanin malik montana
85%
Nalezy do wytwórni B.O.R. Records. Zdobył popularność przez swoją płytę która zdobyła platyne pt. "Atypowy" szpaku
85%
Zainicjował akcje #Hot16Challange. Współzalożyciel SBM Label solar
83%
Brat Parisa Platynova, wystąpil dwa razy w chillwagon, ma wielki nochal. kizo
81%
Nagrał nute z Rafonixem. Został posądzony o sex z 14-latką. bedoes
76%
Dwukrotny zwyciezca WBS. Należy do wytwórni QueQuality filipek
67%
Członek Ciemnej Strefy. Bardzo znany uliczny raper, który został posądzony o handel narkotyków w 2018r. bonus rpk
64%
Znany równierz jako Young Beezy. Trzykrotny finalista WBW. Ma 31 lat. Związany z wytwórnia SBM Label. białas
60%
Ma swoja wytwórnie muzyczną. Były piłkarz klubu "KTS Weszło" quebonafide
60%
Znany freestylowiec, nagral nute z filipkiem o freestaylu edzio
42%
Zmienił ksywke na grimmy. Raper należy do wytwórni Hashashins. deys
39%
Raper, ktory jest bardzo wyluzowany na swoich kawałkach. Wystąpił w Młodych Wilkach 6. jan-rapowanie
36%
Nie znaleziono quizów pasujących do podanych kryteriów
Rozkład punktacji
Procent ludzi z każdym wynikiem
Percentyl według liczby udzielonych odpowiedzi
Twoja historia wyników
Nie rozwiązałeś tego quizu